000 00221nam a22000857a 4500
008 160924b xxu||||| |||| 00| 0 eng d
100 _9732
_aVedam.C.J.
245 _aComputer Next-3
260 _aNew Delhi
_bG.C. Publications
_c2011
999 _c3389
_d3389